| 000 | 00537nam a22002057a 4500 | ||
|---|---|---|---|
| 005 | 20260227100918.0 | ||
| 008 | 210923b ||||| |||| 00| 0 eng d | ||
| 040 | _cAL | ||
| 041 | _aeng | ||
| 082 |
_223 _a338 _bHUSN |
||
| 100 |
_aAbid Hussain _9224 |
||
| 245 | _aNew age opportunities | ||
| 260 |
_aNew Delhi _bAsian institute of transport development _c2000 |
||
| 300 |
_av,82p _bPB _c23*15cm |
||
| 365 | _f2013/03/24 | ||
| 440 |
_aEconomic issues; 4 _9225 |
||
| 500 | _aEconomics | ||
| 650 | _2Globalisation | ||
| 942 |
_2ddc _cGF |
||
| 999 |
_c216353 _d216353 |
||